LEADER 02770nam 2200505 450 001 9910554225503321 005 20230629233507.0 010 $a1-5017-6012-2 024 7 $a10.1515/9781501760136 035 $a(CKB)5600000000015035 035 $a(MiAaPQ)EBC6465307 035 $a(OCoLC)1233023263 035 $a(MdBmJHUP)musev2_94426 035 $a(DE-B1597)577539 035 $a(OCoLC)1286807217 035 $a(DE-B1597)9781501760136 035 $a(StDuBDS)EDZ0002752799 035 $a(EXLCZ)995600000000015035 100 $a20220412e20222021 fy| 0 101 0 $aeng 135 $aurcnu|||||||| 181 $ctxt$2rdacontent 182 $cc$2rdamedia 183 $acr$2rdacarrier 200 14$aThe neomercantilists $ea global intellectual history /$fEric Helleiner$b[electronic resource] 210 1$aIthaca :$cCornell University Press,$d2022. 215 $a1 online resource (414 pages) 225 1 $aCornell scholarship online 300 $aPreviously issued in print: 2021. 311 $a1-5017-6014-9 311 $a1-5017-6013-0 320 $aIncludes bibliographical references and index. 327 $aSome pioneers in List's North Atlantic context -- Friedrich List's idiosyncratic synthesis -- Some List-inspired contributions across the world -- List-inspired neomercantilism beyond the nation-state -- The emergence of Henry Carey's distinctive vision -- The global influence and adaptation of Carey's ideas -- Local origins in Japan: O?kubo Toshimichi, Fukuzawa Yukichi, and Maeda Masana -- Neglected Chinese pioneers: Wei Yuan, Zheng Guanying, and Sun Yatsen -- Liang Qichao and Korea's gaehwa group -- Early theorists in Russia and the Canadian backwoods -- Practitioners in Egypt, Poland and Latin America -- The Asante and the Pan-African movement -- Conclusion: what legacies? 330 8 $aAt a time when critiques of free trade policies are gaining currency, 'The Neomercantilists' helps make sense of the protectionist turn, providing the first intellectual history of the genealogy of neomercantilism. Eric Helleiner identifies many pioneers of this ideology between the late eighteenth and early twentieth centuries who backed strategic protectionism and other forms of government economic activism to promote state wealth and power. They included not just the famous Friedrich List, but also numerous lesser-known thinkers, many of whom came from outside of the West. 410 0$aCornell scholarship online. 606 $aMercantile system 615 0$aMercantile system. 676 $a330.15/13 700 $aHelleiner$b Eric$f1963-$0721088 801 0$bStDuBDS 801 1$bStDuBDS 906 $aBOOK 912 $a9910554225503321 996 $aThe neomercantilists$92818809 997 $aUNINA LEADER 01445nam0 22003251i 450 001 UON00469298 005 20231205105157.213 010 $a978-88-903953-8-3 100 $a20160912d2012 |0itac50 ba 101 $aita 102 $aIT 105 $a|||| ||||| 200 1 $aˆUn ‰egittologo garibaldino milanese: Luigi Vassalli bey$fa cura di Rina La Guardia e Francesco Tiradritti 205 $aMilano : Comune di Milano$bBiblioteca archeologica$b2012 210 $a111 p.$cill. ; 33 cm 215 $aCatalogo della mostra: Milano, Castello sforzesco 6 luglio-30 settembre 2012 316 $aDono dell'Editore$5IT-UONSI EGVIIIb/014 606 $aEGITTOLOGI$3UONC027385$2FI 606 $aEsposizioni$xMilano (Castello Sforzesco)$x2012$3UONC090150$2FI 620 $aIT$dMilano$3UONL000005 676 $a920.71$cBiografie, autobiografie, memorie di uomini$v21 702 1$aLA_GUARDIA$bRina$3UONV057163 702 1$aTIRADRITTI$bFrancesco$3UONV052908 712 $aComune di Milano$3UONV259593$4650 801 $aIT$bSOL$c20260206$gRICA 899 $aSIBA - SISTEMA BIBLIOTECARIO DI ATENEO E ARCHIVIO STORICO$2UONSI 912 $aUON00469298 950 $aSIBA - SISTEMA BIBLIOTECARIO DI ATENEO E ARCHIVIO STORICO$dSI VIII b 014 $eSI 19431 7 014 Dono dell'Editore 996 $aEgittologo garibaldino milanese: Luigi Vassalli bey$91399789 997 $aUNIOR